Current cost accounting : a critique of the Sandilands report /

Saved in:
Bibliografiske detaljer
Hovedforfatter: Chambers, R. J. (Raymond John), 1917-
Format: Bog
Sprog:English
Udgivet: [Lancaster] : International Centre for Research in Accounting, c1976.
Serier:ICRA Occasional paper ; no. 11.
Fag:
LEADER 01242nam a2200301 a 4500
001 c000159678
003 CARM
005 19940930000000.0
008 800410s1976 enk 000 0 eng
010 |a 80467131 //r84 
015 |a GB*** 
019 1 |a 1715032  |z 2534747  |z 27529538  |z 5249325  |z 55536962  |5 LACONCORD2021 
035 |a (OCoLC)6277839  |5 LACONCORD2021 
040 |a LC  |b eng  |c LC  |d LC 
043 |a e-uk--- 
050 4 |a HF5686.C8  |b C443 
082 0 0 |a 657/.42 
100 1 |a Chambers, R. J.  |q (Raymond John),  |d 1917- 
245 1 0 |a Current cost accounting :  |b a critique of the Sandilands report /  |c by R. J. Chambers. 
260 |a [Lancaster] :  |b International Centre for Research in Accounting,  |c c1976. 
300 |a iv, 80 p. ;  |c 30 cm. 
490 1 |a ICRA Occasional paper ; no. 11. 
650 0 |a Cost accounting. 
650 0 |a Accounting  |z Great Britain. 
810 2 |a International Centre for Research in Accounting.  |t Occasional paper - International Centre for Research in Accounting ;  |v no. 11. 
852 8 |b CARM  |h A2:AO11E0  |i D05690  |p 0210276  |f BK 
999 f f |i 4bd065c0-4963-5617-91c0-29a350f59b04  |s 605299ea-3b6c-52b2-ae64-4770281bf955 
952 f f |p Can circulate  |a CAVAL  |b CAVAL  |c CAVAL  |d CARM 1 Store  |e D05690  |f A2:AO11E0  |h Other scheme  |i book  |m 0210276